You know you love me : how Gossip Girl changed pop culture as we know it /

Growing up is hard to do, but the kids on Gossip Girl sure made it look easy, and sexy, to boot. Set in the always-alluring penthouses and exclusive clubs of New York City, Gossip Girl followed, as its intro said, the "scandalous lives of Manhattan's elite," through the eyes of an omn...

Full description

Bibliographic Details
Main Author: Denninger, Lindsay (Author)
Format: Book
Language:English
Published: New York : Bloomsbury Academic, [2026].
Subjects:

MARC

Tag First Indicator Second Indicator Subfields
LEADER 00000cam a2200000 i 4500
001 in00005777008
003 OCoLC
005 20260417141408.8
008 250910t20262026nyua b 001 0 eng
010 |a  2025039045 
040 |a DLC  |e rda  |c DLC 
020 |a 9781493088096  |q trade paperback 
020 |a 1493088092  |q trade paperback 
020 |z 9781493088102  |q electronic publication 
020 |z 9798765165393  |q electronic book 
035 |a (OCoLC)1536122800 
050 0 0 |a PN1992.77.G67  |b D46 2026 
082 0 4 |a 791.4372  |2 23/eng/20260318 
100 1 |a Denninger, Lindsay,  |e author. 
245 1 0 |a You know you love me :  |b how Gossip Girl changed pop culture as we know it /  |c Lindsay Denninger. 
264 1 |a New York :  |b Bloomsbury Academic,  |c [2026]. 
264 4 |c ©2026. 
300 |a viii, 245 pages :  |b illustrations ;  |c 23 cm. 
336 |a text  |b txt  |2 rdacontent 
337 |a unmediated  |b n  |2 rdamedia 
338 |a volume  |b nc  |2 rdacarrier 
504 |a Includes bibliographical references and index. 
520 |a Growing up is hard to do, but the kids on Gossip Girl sure made it look easy, and sexy, to boot. Set in the always-alluring penthouses and exclusive clubs of New York City, Gossip Girl followed, as its intro said, the "scandalous lives of Manhattan's elite," through the eyes of an omniscient narrator that had her eyes, ears and hands in everything. Gossip Girl was enticing in a "lifestyles of the rich and famous" sort of way, but when you added on the fact that these pretty people had pretty problems and someone watching their every move, it was almost too good to resist. In You Know You Love Me, Lindsay Denninger gives an unprecedented inside look at how this icon of '00s pop culture captured the hearts, minds and eyes of millions of viewers, influenced the worlds of fashion and media and continues to reverberate in the culture today. Weaving together oral history interviews with all of the show's key personnel, performers, crew, writers and showrunner Josh Safran, Denninger doesn't just reveal behind-the-scenes drama. She shows how Gossip Girl was an early harbinger of the cultural landscape to come, spanning from the very dawn of social media to the fractious internet of today and from the autumn years of broadcast television (it aired on the CW) to the streaming era. 
630 0 0 |a Gossip girl (Television program) 
650 0 |a Television criticism. 
945 |b 684531 
947 |a A14852273425 
948 |a dmitchel 4/17/26 9.10.20 
980 |b print  |c 40033134094  |f NONFIC/B  |g 565714  |k USD  |m 21.56  |q 1  |s AcqMono Conventional  |t Approval plan  |u Vendor order reference number  |v ZYBP  |y Print approval  |z Physical resource 
999 f f |i 3458a53b-2302-4575-88e2-b1c08f43826f  |s 3a4252cf-847a-4f77-8fe3-c155b689fa14  |t 0 
952 f f |p newbook  |a Texas A&M University  |b College Station  |c Sterling C. Evans Library  |s Evans nbs  |d Evans: New Book Shelves (1st floor)  |t 0  |e PN1992.77.G67 D46 2026  |h Library of Congress classification  |i unmediated -- volume  |m A14852273425 
998 f f |a PN1992.77.G67 D46 2026  |t 0  |l Evans: Library Stacks